000 00474nam a22001817a 4500
003 MPLRDC
005 20220104124716.0
008 210129b ||||| |||| 00| 0 eng d
020 _a7-5322-0148-1
082 _a859.6 WM v.1
100 _a吴明等编文; 鹿鸣等绘画
245 _a哪吒三兄弟. 上
_c
250 _a一版一刷
260 _a
_b上海人民美术出版社
_c1988
300 _b
650 _a儿童故事--神话
942 _cBK
_o859.6 WM v.1
999 _c21517
_d21507